| 000 | 01177cam a2200385Ka 4500 | ||
|---|---|---|---|
| 001 | 93505 | ||
| 005 | 20230410132923.0 | ||
| 008 | 000510c19779999sp 001 0 spa d | ||
| 035 | _a(OCoLC)ocn494568865 | ||
| 040 |
_aZWZ _encafnor _bfre _cZWZ |
||
| 020 | _a8424900863 | ||
| 020 | _a9788424900861 | ||
| 029 | 0 |
_aZWZ _b134441516 |
|
| 035 | _a(OCoLC)494568865 | ||
| 041 | 1 |
_aspa _hgre |
|
| 050 | 1 | 4 |
_aB 171 _bB582 1977 |
| 049 | _aGRAL | ||
| 100 | 0 |
_aHerodoto, _d484-420 a.C. |
|
| 130 | 1 | _aBiblioteca Clásica Gredos. | |
| 245 | 1 | 0 |
_aHistoria : _bLibros V-VI / _cHeródoto ; traducción y notas de Carlos Schrader. |
| 260 |
_aMadrid : _bGredos, _c1977 |
||
| 300 |
_a1 vol. (445 p.) : _bcartes. ; _c20 cm. |
||
| 440 | 0 |
_aBiblioteca clásica Gredos ; _vn.39 |
|
| 504 | _aNotes bibliogr. Index. | ||
| 505 | 0 | _aLibro quinto, Terpsicore -- Libro sexto, Erato | |
| 650 | 0 | _aPhilosophy, Classical. | |
| 650 | 0 | _aPhilosophy, Ancient. | |
| 700 | 1 |
_aSchrader, Carlos. _ePrâef. _eTrad. _eComment. |
|
| 740 | 0 | 2 | _aLibro quinto, Terpsâicore. |
| 740 | 0 | 2 | _aLibro sexto, âErato. |
| 774 | 0 | _tTerpsâicore | |
| 774 | 0 | _tâErato | |
| 942 |
_2lcc _cbk |
||
| 994 |
_aC0 _bDRFGD |
||
| 999 |
_c90205 _d90205 |
||